<?xml version="1.0" encoding="UTF-8"?>
<record
    xmlns:xsi="http://www.w3.org/2001/XMLSchema-instance"
    xsi:schemaLocation="http://www.loc.gov/MARC21/slim http://www.loc.gov/standards/marcxml/schema/MARC21slim.xsd"
    xmlns="http://www.loc.gov/MARC21/slim">

  <leader>01825cam a22003494a 4500</leader>
  <controlfield tag="001">12876489</controlfield>
  <controlfield tag="005">20220326193307.0</controlfield>
  <controlfield tag="008">020730s2001    cr ab    b    000 0 spa  </controlfield>
  <datafield tag="010" ind1=" " ind2=" ">
    <subfield code="a">  2002433200</subfield>
  </datafield>
  <datafield tag="020" ind1=" " ind2=" ">
    <subfield code="a">9977676488</subfield>
  </datafield>
  <datafield tag="040" ind1=" " ind2=" ">
    <subfield code="a">DLC</subfield>
    <subfield code="c">DLC</subfield>
    <subfield code="d">DLC</subfield>
  </datafield>
  <datafield tag="042" ind1=" " ind2=" ">
    <subfield code="a">pcc</subfield>
  </datafield>
  <datafield tag="043" ind1=" " ind2=" ">
    <subfield code="a">nwpr---</subfield>
  </datafield>
  <datafield tag="082" ind1="0" ind2="0">
    <subfield code="a">307.86</subfield>
    <subfield code="b">Q5e</subfield>
  </datafield>
  <datafield tag="100" ind1="1" ind2=" ">
    <subfield code="a">Quesada Avenda&#xF1;o, Florencia.</subfield>
    <subfield code="9">1791</subfield>
  </datafield>
  <datafield tag="245" ind1="1" ind2="0">
    <subfield code="a">En el barrio Am&#xF3;n :</subfield>
    <subfield code="b">arquitectura, familia y sociabilidad del primer residencial de la elite urbana de San Jos&#xE9;, 1900-1935 /</subfield>
    <subfield code="c">Florencia Quesada Avenda&#xF1;o.</subfield>
  </datafield>
  <datafield tag="250" ind1=" " ind2=" ">
    <subfield code="a">1. ed.</subfield>
  </datafield>
  <datafield tag="260" ind1=" " ind2=" ">
    <subfield code="a">San Jos&#xE9; :</subfield>
    <subfield code="b">Editorial de la Universidad de Costa Rica :</subfield>
    <subfield code="b">Comisi&#xF3;n Nacional de Conmemoraciones Hist&#xF3;ricas,</subfield>
    <subfield code="c">2001.</subfield>
  </datafield>
  <datafield tag="300" ind1=" " ind2=" ">
    <subfield code="a">294 p. :</subfield>
    <subfield code="b">ill., maps ;</subfield>
    <subfield code="c">21 cm.</subfield>
  </datafield>
  <datafield tag="490" ind1="1" ind2=" ">
    <subfield code="a">Colecci&#xF3;n Nueva historia / Comisi&#xF3;n Nacional de Conmemoraciones Hist&#xF3;ricas</subfield>
  </datafield>
  <datafield tag="504" ind1=" " ind2=" ">
    <subfield code="a">Includes bibliographical references (p. 285-294).</subfield>
  </datafield>
  <datafield tag="505" ind1=" " ind2=" ">
    <subfield code="t">Capitulo 1: San jose en los albores del siglo XX</subfield>
    <subfield code="t">Capitulo 2: Los Habitantes de Barrio Am&#xF3;n </subfield>
    <subfield code="t">Capitulo 3: Exteriores e interiores </subfield>
    <subfield code="t">Capitulo 4: vida cotidiana y sociabilidad burguesa </subfield>
    <subfield code="t">Capitulo 5: Los de am&#xF3;n y la cultura urbana josefina </subfield>
  </datafield>
  <datafield tag="650" ind1=" " ind2=" ">
    <subfield code="a">Sociologia urbana </subfield>
    <subfield code="x">Historia</subfield>
    <subfield code="9">1792</subfield>
  </datafield>
  <datafield tag="651" ind1=" " ind2="0">
    <subfield code="a">Am&#xF3;n (San Jos&#xE9;, Costa Rica)</subfield>
    <subfield code="x">Social conditions</subfield>
    <subfield code="y">20th century.</subfield>
    <subfield code="9">1793</subfield>
  </datafield>
  <datafield tag="651" ind1=" " ind2="0">
    <subfield code="a">Am&#xF3;n (San Jos&#xE9;, Costa Rica)</subfield>
    <subfield code="x">Social life and customs</subfield>
    <subfield code="y">20th century.</subfield>
    <subfield code="9">1794</subfield>
  </datafield>
  <datafield tag="651" ind1=" " ind2="0">
    <subfield code="a">Am&#xF3;n (San Jos&#xE9;, Costa Rica)</subfield>
    <subfield code="x">History</subfield>
    <subfield code="y">20th century.</subfield>
    <subfield code="9">1795</subfield>
  </datafield>
  <datafield tag="651" ind1=" " ind2="0">
    <subfield code="a">Am&#xF3;n (San Jos&#xE9;, Costa Rica)</subfield>
    <subfield code="x">Buildings, structures, etc.</subfield>
    <subfield code="9">1796</subfield>
  </datafield>
  <datafield tag="700" ind1=" " ind2=" ">
    <subfield code="a">Quesada Avenda&#xF1;o, Florencia.</subfield>
    <subfield code="9">1797</subfield>
  </datafield>
  <datafield tag="830" ind1=" " ind2="0">
    <subfield code="a">Colecci&#xF3;n Nueva historia (San Jos&#xE9;, Costa Rica)</subfield>
    <subfield code="9">1798</subfield>
  </datafield>
  <datafield tag="906" ind1=" " ind2=" ">
    <subfield code="a">7</subfield>
    <subfield code="b">cbc</subfield>
    <subfield code="c">orignew</subfield>
    <subfield code="d">2</subfield>
    <subfield code="e">ncip</subfield>
    <subfield code="f">20</subfield>
    <subfield code="g">y-gencatlg</subfield>
  </datafield>
  <datafield tag="999" ind1=" " ind2=" ">
    <subfield code="c">377</subfield>
    <subfield code="d">377</subfield>
  </datafield>
  <datafield tag="952" ind1=" " ind2=" ">
    <subfield code="0">0</subfield>
    <subfield code="1">0</subfield>
    <subfield code="2">ddc</subfield>
    <subfield code="4">0</subfield>
    <subfield code="7">0</subfield>
    <subfield code="a">LV</subfield>
    <subfield code="b">LV</subfield>
    <subfield code="c">Pensamiento</subfield>
    <subfield code="d">2014-11-27</subfield>
    <subfield code="l">0</subfield>
    <subfield code="o">307.86 Q5e</subfield>
    <subfield code="p">000420</subfield>
    <subfield code="r">2014-11-27 00:00:00</subfield>
    <subfield code="w">2014-11-27</subfield>
    <subfield code="y">01</subfield>
  </datafield>
</record>
